Maledizioni : Processi, sequestri e censure a scrittori e editori in Italia dal dopoguerra a oggi anzi domani

Guardat en:
Dades bibliogràfiques
Autor principal: Armano, Antonio
Format: Llibre
Idioma:anglès
Etiquetes: Afegir etiqueta
Sense etiquetes, Sigues el primer a etiquetar aquest registre!

MARC

LEADER 00000nam a2200000 4500
001 CDOM0000005799
003 mi
005 20250911105340.0
008 250911b |||||||| |||| 00| 0 eng d
040 |c mi 
100 |a Armano, Antonio 
245 1 |a Maledizioni :  |b Processi, sequestri e censure a scrittori e editori in Italia dal dopoguerra a oggi anzi domani  
942 |2 ddc  |c BK 
952 |0 0  |1 0  |2 ddc  |4 0  |6 B_LNR05ARMANMAL11  |7 0  |9 8000  |a MI  |b MI  |d 2017-07-16  |i 6696  |l 0  |o B-LNR05-ARMAN-MAL11  |p CDOM6696  |r 2025-07-13 16:28:00  |w 2025-07-13  |x ACQUISTO  |y BK 
999 |c 6663  |d 6663